000 01718nam a2200253Ia 4500
005 20180608142804.0
008 130821s18351837sp fr 1 spa
040 _aCo-BoUCM
_bspa
_cSandra Yazo
_dSandra Yazo
041 0 _aspa
082 0 4 _a946
_220
092 _aE46N069
100 1 _aToreno, José María Queipo de Llano Ruiz de Saravia
_cconde de
_d1786-1843
_992752
245 1 0 _aHistoria del levantamiento, guerra y revolución de España
_cpor el conde de Toreno
260 _aMadrid (España)
_bImprenta de Don Tomás Jordán
_c1835 - 1837
300 _a4 volúmenes (410, 125 ; 498, 55 ; 416, 18 ; 556, 74 páginas)
_c22 x 15 cm.
500 _aDetalles físicos: Encuadernación rígida en cartón duro forrado en cuero. Lomo con tejuelo de piel rojo, adornos en dorado. Tapas con raspaduras y deterioro en lomos, deterioros por cinta pegante. Guardas en papel de agua. Portada impresa en una sola tinta, con diversos tipos de letra (incluso góticos). Texto impreso en una sola columna estrecha. Márgenes amplios. Apostillas marginales. Sumarios al inicio de cada capítulo. Índice General al final del último tomo. Piel de lomo con rasgaduras. Deterioro por cintas pegantes. En portadas anotaciones manuscritas de pertenencia, V.2 anotacion con cuentas
505 2 _aHistoria de la guerra de España contra Napoleón: V.1: Libros I al IV ; V.2: Libros V al IX ; V.3: Libros IX al XIII ; V. 4: Libro XIV al XVIII ; V.5: Libro XIX al XXIV
506 _aConsulta en sala
651 0 4 _aEspaña
_xHistoria
_946137
651 0 4 _aEspaña
_xHistoria
_y1808-1814
_954025
651 0 4 _aEspaña
_xRevoluciones
_926943
690 _aHistoria de Europa
_926509
942 _cLIBRO
_a21
_e1
_2LOCAL
_hE46N069
999 _c310007
_d310007